Social Policy and Economic Development in the Nordic Countries. (Record no. 619461)

MARC details
000 -LEADER
fixed length control field 00563nam a2200181 a 4500
008 - FIXED-LENGTH DATA ELEMENTS--GENERAL INFORMATION
fixed length control field 260416s2026##################000#0#eng##
020 ## - INTERNATIONAL STANDARD BOOK NUMBER
ISBN 9781403941633
Paper back/Hardbound hbk
041 ## - LANGUAGE CODE
Language code of text/sound track or separate title Eng
082 04 - DEWEY DECIMAL CLASSIFICATION NUMBER
Classification number 361.610948 KAN
100 ## - MAIN ENTRY--AUTHOR NAME
Personal name Kangas,Olli.
245 10 - TITLE STATEMENT
Title Social Policy and Economic Development in the Nordic Countries.
Statement of responsibility, etc /edited by Olli Kangas and Joakim Palme.
250 ## - EDITION STATEMENT
Edition statement 1st ed
260 ## - PUBLICATION, DISTRIBUTION, ETC. (IMPRINT)
Place of publication New York:
Name of publisher Palgrave Macmillan,
Year of publication 2005.
300 ## - PHYSICAL DESCRIPTION
Number of Pages xix;326p.
Dimensions ;20cm.
650 ## - SUBJECT ADDED ENTRY--TOPICAL TERM
Topical Term Social Problems, Social Science.
942 ## - ADDED ENTRY ELEMENTS (KOHA)
Koha item type English Books
Holdings
Withdrawn status Lost status Damaged status Not for loan Home library Current library Shelving location Date acquired Full call number Accession Number Price effective from Koha item type
        Anna Centenary Library Anna Centenary Library 4TH FLOOR, A WING 16.04.2026 361.610948 KAN 306813 16.04.2026 English Books

Find us on the map